Too loud Lily / (Record no. 3141)

MARC details
000 -LEADER
fixed length control field 01024cam a2200289 a 4500
005 - DATE AND TIME OF LATEST TRANSACTION
control field 20250602093208.0
020 ## - INTERNATIONAL STANDARD BOOK NUMBER
International Standard Book Number 9780439678773
040 ## - CATALOGING SOURCE
Original cataloging agency ANL
Language of cataloging eng
Transcribing agency DLC d SSL
Modifying agency ANL
-- DLC
050 00 - LIBRARY OF CONGRESS CALL NUMBER
Classification number PZ7.L144
Item number 2003
082 00 - DEWEY DECIMAL CLASSIFICATION NUMBER
Classification number 829.3
100 1# - MAIN ENTRY--PERSONAL NAME
Personal name Laguna, Sofie
Dates associated with a name 1968-
245 10 - TITLE STATEMENT
Title Too loud Lily /
Statement of responsibility, etc. written by Laguna, Sofie ; illustrated by Argent , Kelly
250 ## - EDITION STATEMENT
Edition statement First Scholastic paperback printing , September 2004
260 ## - PUBLICATION, DISTRIBUTION, ETC.
Place of publication, distribution, etc. New York :
Name of publisher, distributor, etc. Scholastic ,
Date of publication, distribution, etc. 2002
300 ## - PHYSICAL DESCRIPTION
Extent 29 unnumbered pages :
Other physical details color illustrations ;
Dimensions 29 cm.
505 ## - FORMATTED CONTENTS NOTE
Formatted contents note K <br/>
520 ## - SUMMARY, ETC.
Summary, etc. Lily Hippo's family and friends often complain that she is too loud and noisy, but that loudness makes her a hit in the school play.
521 0# - TARGET AUDIENCE NOTE
Target audience note 510 <br/>
Source Lexile <br/>
521 0# - TARGET AUDIENCE NOTE
Target audience note K <br/>
Source Raz-Plus <br/>
650 #1 - SUBJECT ADDED ENTRY--TOPICAL TERM
Topical term or geographic name entry element Noise
Form subdivision Fiction.
650 #1 - SUBJECT ADDED ENTRY--TOPICAL TERM
Topical term or geographic name entry element Hippopotamuses
Form subdivision Fiction.
650 #1 - SUBJECT ADDED ENTRY--TOPICAL TERM
Topical term or geographic name entry element Animals
Form subdivision Fiction.
700 1# - ADDED ENTRY--PERSONAL NAME
Personal name Argent, Kerry
Dates associated with a name 1960-
Relator term illustrator
906 ## - LOCAL DATA ELEMENT F, LDF (RLIN)
a 7
b cbc
c copycat
d 3
e ncip
f 20
g y-gencatlg
942 ## - ADDED ENTRY ELEMENTS (KOHA)
Source of classification or shelving scheme Dewey Decimal Classification
Koha item type Books
Suppress in OPAC No
999 ## -
-- 3141
-- 3141
Holdings
Withdrawn status Lost status Source of classification or shelving scheme Damaged status Not for loan Collection Home library Current library Shelving location Date acquired Total Checkouts Full call number Barcode Date last seen Date last checked out Copy number Price effective from Koha item type
    Dewey Decimal Classification     Juvenile Fiction Footprints International School Library Network Toul Kork Campus Footprints International School Library Network Toul Kork Campus TK Primary Library Room(4th Floor), Bookcase 3&4, Shelves 17-32, Yellow Books 11/21/2024   LAG 829.3 PZ7.L144 2024-2341 11/21/2024   2 11/21/2024 Books
    Dewey Decimal Classification     Juvenile Fiction Footprints International School Library Network Toul Kork Campus Footprints International School Library Network Toul Kork Campus TK Primary Library Room(4th Floor), Bookcase 3&4, Shelves 17-32, Yellow Books 06/02/2025 1 LAG 829.3 PZ7.L144 FISBK072690 12/19/2025 10/31/2025 3 06/02/2025 Books
    Dewey Decimal Classification     Juvenile Fiction Footprints International School Library Network Toul Tom Poung Campus Footprints International School Library Network Toul Tom Poung Campus TTP Primary Yellow Bookshelves 02/08/2024 5 LAG 829.3 PZ7.L144 FISTK02348 05/19/2025 09/18/2024 1 02/08/2024 Books